000 00457nam a2200157 i 4500
001 51683
003 ES-MaACL
005 20230906162417.0
007 t|
008 030814s1970 sp ||||1| spa d
100 1 _aDangla Deoux, François.
_942619
245 1 0 _aSao Thao, caza de espías en Laos /
_cFrancisco Dangla Deoux.
260 _aValladolid :
_bSever Cuesta,
_c1970.
300 _a160 p., 6 lám. ;
_c21 cm.
852 _aES-MaACL
_jC-45687
_bR.74465
999 _c51683
_d51683